| 000 | 00465cam a22001811 4500 | ||
|---|---|---|---|
| 001 | ltf91035466 | ||
| 003 | DLC | ||
| 005 | 20260227111552.0 | ||
| 008 | 910328s1911 mx l 000 0 spa | ||
| 010 | _altf91035466 | ||
| 040 |
_aDLC _cDLC _dDLC |
||
| 050 | 0 | 0 |
_aKGF1629 _b.B46 1911 |
| 100 | 1 | _aBenítez, Justo. | |
| 245 | 1 | 0 | _aNuestras leyes sobre propriedad industrial. |
| 260 |
_aMéxico, _c1911. |
||
| 300 | _a101 p. | ||
| 650 | 0 |
_aIndustrial property _zMexico. |
|
| 999 |
_c37552 _d37552 |
||